000 00446nam a2200193Ia 4500
005 20250603145421.0
008 250603s9999 xx 000 0 und d
020 _a9780131293762
050 _aQA 76.87 .H39/
100 _aHaykin, Simon
245 0 _aNeural networks and learning machines
250 _a3rd ed.
260 _aNew Jersey
260 _bPearson
260 _c2009
300 _a934 p
650 _aNew Jersey
942 _cBK
999 _c41794
_d41794